| 000 | 00583nam a2200181Ia 4500 | ||
|---|---|---|---|
| 008 | 151018s9999 xx 000 0 und d | ||
| 082 |
_bRBASDV29696 _a891.463 |
||
| 100 | _aविद्याधर - भागवत | ||
| 245 | _aप्रस्थान | ||
| 250 | _b2 | ||
| 260 |
_bचि सा .स .स प्र संस्था _c1992 |
||
| 300 | _a218 | ||
| 600 | _aविद्याधर - भागवत | ||
| 630 | _aप्रस्थान | ||
| 700 | _aविद्याधर - भागवत | ||
| 730 | _aप्रस्थान | ||
| 942 | _cBOOK | ||
| 999 |
_c1029242 _d1029239 |
||